Đời sống tín ngưỡng của người Tày ven biên giới Hạ Lạng, Cao Bằng
Khái quát về người Tày ở Việt Nam. Giới thiệu các hình thức sinh hoạt văn hóa, tín ngưỡng của người Tày ven biên giới Hạ Lang, Cao Bằng.
Sparad:
| Huvudupphovsman: | |
|---|---|
| Materialtyp: | Bok |
| Språk: | Undetermined |
| Publicerad: |
Hà Nội
Đại học Quốc gia Hà Nội
2010
|
| Ämnen: | |
| Taggar: |
Lägg till en tagg
Inga taggar, Lägg till första taggen!
|
| Thư viện lưu trữ: | Trung tâm Học liệu Trường Đại học Cần Thơ |
|---|
| LEADER | 01168nam a2200217Ia 4500 | ||
|---|---|---|---|
| 001 | CTU_165361 | ||
| 008 | 210402s9999 xx 000 0 und d | ||
| 082 | |a 390.095973 | ||
| 082 | |b Y603 | ||
| 100 | |a Nguyễn, Thị Yên | ||
| 245 | 0 | |a Đời sống tín ngưỡng của người Tày ven biên giới Hạ Lạng, Cao Bằng | |
| 245 | 0 | |c Nguyễn Thị Yên ; Hội Văn nghệ Dân gian Việt Nam | |
| 260 | |a Hà Nội | ||
| 260 | |b Đại học Quốc gia Hà Nội | ||
| 260 | |c 2010 | ||
| 520 | |a Khái quát về người Tày ở Việt Nam. Giới thiệu các hình thức sinh hoạt văn hóa, tín ngưỡng của người Tày ven biên giới Hạ Lang, Cao Bằng. | ||
| 650 | |a Tay Nung (Southeast Asian people),Người Tày ( Người Đông Nam Á),Religious life and customs,Phong tục và tín ngưỡng tôn giáo | ||
| 650 | |x Social life and customs,Đời sống xã hội và phong tục | ||
| 650 | |z Vietnam, Northern,Việt Nam, Miền Bắc | ||
| 904 | |i Năm | ||
| 980 | |a Trung tâm Học liệu Trường Đại học Cần Thơ | ||